Ireland VS UK - Statistics

General Stats
  • This quiz has been taken 128 times
  • The average score is 9 of 11
Answer Stats
Question Answer % Correct
Which Country Has The Most People UK
99%
Which Countries Capital City Is London UK
97%
Which Country Has The Most Main Battle Tanks UK
96%
What Country Has Either A King Or A Queen UK
95%
What Country Owns A Part Of The Other One UK Owns A Part Of Ireland
94%
Which Country National Emblem Is A Shamrock Ireland
92%
In Which Country Was There A Potato Crop That Failed Which Caused Over A Million Deaths Ireland
89%
Which Country Has A County That Is Also A Type Of Poem Ireland
80%
Did You Like This Quiz? Yes
70%
Which Country Had Double The Amount Of People Then It Does Now 150 Years Ago Ireland
54%
In Which Country Was St. Patrick Born In UK
45%
No matching quizzes found
Score Distribution
Percent of People with Each Score
Percentile by Number Answered
Your Score History
You have not taken this quiz